|
|
|
|
| LEADER |
01594cam a2200409 i 4500 |
| 001 |
001370303 |
| 003 |
CZ BrMZK |
| 005 |
20160122085044.0 |
| 007 |
sd^ |
| 008 |
140226s2012 xr cze |
| 015 |
|
|
|a cnb002435153
|
| 024 |
3 |
|
|a 8594156790257
|
| 028 |
0 |
1 |
|a PK 025-05
|b Petr Kopecký
|
| 040 |
|
|
|a ABA001
|b cze
|d BOA001
|
| 043 |
|
|
|a e-xr---
|b e-xr-cc
|a e-gx---
|a e-au---
|2 czenas
|
| 072 |
|
7 |
|a 821.162.3-3
|x Česká próza
|2 Konspekt
|9 25
|
| 080 |
|
|
|a 821.162.3-32
|2 MRF
|
| 080 |
|
|
|a (437.31-13)
|2 MRF
|
| 080 |
|
|
|a (086.7)08
|2 MRF
|
| 080 |
|
|
|a (086.76)
|2 MRF
|
| 100 |
1 |
|
|a Klostermann, Karel,
|d 1848-1923
|7 jk01060677
|4 aut
|
| 245 |
1 |
0 |
|a Na cestě k domovu
|h [zvukový záznam] :
|b příběhy zmizelé Šumavy /
|c Karel Klostermann
|
| 260 |
|
|
|a Lysá nad Labem :
|b Petr Kopecký,
|c 2012
|
| 300 |
|
|
|a 1 zvuková deska :
|b digital
|
| 500 |
|
|
|a Kompaktní deska
|
| 508 |
|
|
|a Hudební doprovod podle sbírky Karla Weisse Český jih a Šumava v lidové písni (1929) připravil Milan Klipec
|
| 511 |
0 |
|
|a Čte Jiří Hanák; zpěv Markéta Amerighi a Milan Klipec
|
| 518 |
|
|
|a Nahráno v Art studiu - Milan Klipec, Mladá Boleslav
|
| 655 |
|
7 |
|a české povídky
|7 fd133971
|2 czenas
|
| 655 |
|
7 |
|a audioknihy
|7 fd119452
|2 czenas
|
| 655 |
|
7 |
|a kompaktní desky
|7 fd201991
|2 czenas
|
| 651 |
|
7 |
|a Šumava (pohoří)
|7 ge128617
|2 czenas
|
| 700 |
1 |
|
|a Hanák, Jiří,
|d 1936-2019
|7 ola2002112857
|4 stl
|
| 910 |
|
|
|a BOA001
|b CDR-1321.724
|
| 990 |
|
|
|a AV
|
| 991 |
|
|
|b 201404
|c NOV
|e b
|
| 996 |
6 |
|
|b 2610585099
|c CDR-1321.724
|l MZK
|r Sklad / do 24 hodin
|n 3
|p p.v.
|w 001408376
|u 000010
|a 1
|e BOA001
|j MZK50
|s P
|